| 000 | 00444cam a2200181ua 4500 | ||
|---|---|---|---|
| 020 | _c13.00 | ||
| 041 |
_aeng _h |
||
| 082 |
_a539.7 _bHAl/IN |
||
| 100 | _aHalliday, David. | ||
| 245 |
_aIntroductory nuclear physoics / _cDavid Halliday. _hTextual Documents |
||
| 250 |
_a2 / _b. |
||
| 260 |
_aMumbai : _bAsia Publishing House , _c1963. |
||
| 300 | _a493 ; . | ||
| 365 | _a13.00 | ||
| 504 | _a | ||
| 942 | _cBK | ||
| 999 |
_c7199 _d7199 |
||